Las revoluciones en la filosofía /

Guardado en:
Detalles Bibliográficos
Autor corporativo: Coloquio Nacional de Filosofía ( Monterrey, México)
Otros autores: Sánchez Vázquez, Adolfo (selección) (selección)
Formato: Procedimiento de la conferencia Libro
Idioma:Español
Publicado: México : Grijalbo, 1979, c1979
Etiquetas: Agrega una etiqueta
Sin etiquetas, Sé el primero en etiquetar este registro!

MARC

LEADER 00000nam^a2200000^a^4500
001 000563773
005 20250521000000.0
009 20260310132012.535
020 |a 968-419-073-5 
037 |a Acervo Xavier Clavigero 
041 |a ESP 
091 |a FPA. 00551 
111 |a Coloquio Nacional de Filosofía (  |n 2º :  |d 1977 :  |c Monterrey, México) 
245 1 4 |a Las revoluciones en la filosofía / 
264 4 |a México :  |b Grijalbo,  |c 1979, c1979 
300 |a 246 p. 
336 |a texto  |b txt  |2 rdacontenido 
337 |a sin mediación  |b n  |2 rdamedio 
338 |a volumen  |b nc  |2 rdasoporte 
649 |a XX 
700 |a Sánchez Vázquez, Adolfo  |e (selección) 
910 |a Fondo José Ignacio Palencia Gómez S.J. 
920 |a Impresos - Libros 
930 |a Fondos Especiales 
905 |a 137 
901 |a 0500359921  |b IT2  |c ESL  |i D  |u 20250521 
901 |a 0500359918  |b IT2  |c ESL  |i D  |u 20250521 
901 |a 0500355597  |b IT2  |c ESL  |i D  |u 20250521 
901 |a 0500340056  |b IT2  |c ESL  |i D  |u 20250521 
902 |a https://opac.biblio.iteso.mx/vufind/Record/000563773